| 000 | 00579nam a22001697a 4500 | ||
|---|---|---|---|
| 003 | OSt | ||
| 005 | 20120302150550.0 | ||
| 008 | 090716t xxu||||| |||| 00| 0 eng d | ||
| 035 | _a७३०६ | ||
| 040 | _cहिन्दी | ||
| 100 |
_aगोविन्ददास _97521 |
||
| 245 | _aअशोक (चार अंको का एक ऐतिहासिक नाटक) | ||
| 250 | _a१ ली | ||
| 260 |
_aदिल्ली _bभारती साहित्य मन्दिर _c१९६० |
||
| 300 | _b१३५ पाने | ||
| 942 |
_2ddc _cBOOK |
||
| 999 |
_c492444 _d492441 |
||